00825nam a2200253 i 4500001001000000003000900010005001700019007000300036008004100039040003000080082001900110100003600129245008700165264003400252300002800286336002700314337003300341338002800374490003300402490000900435500007300444504003300517650002100550000015978DO-SdBNP20240527191033.0ta100222s1984 dr 001 0 spa d aDO-SdBNPbspacBNPHUerda 4a658bA485a2221 aAmaro Guzmán, Raymundoeautor10aAdministración científica :bhistoria y principios /cRaymundo Amaro Guzmán. aSanto Domingo :bONAP,c1984. a123 páginas ;c22 cm. 2rdacontentatextobtxt 2rdamediaasin mediaciónbn 2rdacarrieravolumenbnc aEstudios administrativosv11 aONAP aIncluye referencias bibliográficas y notas al pie de las páginas aBibliografía : p. 119 -120 0aAdministración